Cargando…

MARC

LEADER 00000cam a22000004a 4500
001 musev2_5754
003 MdBmJHUP
005 20230905040700.0
006 m o d
007 cr||||||||nn|n
008 060824s2004 cc o 00 0 eng d
010 |z  2006432895 
020 |a 9789882202689 
020 |z 9789622096981 
035 |a (OCoLC)667292753 
040 |a MdBmJHUP  |c MdBmJHUP 
043 |a ae----- 
050 0 4 |a DS12  |b .R59 2004 
245 0 0 |a Rogue Flows :   |b Trans-Asian Cultural Traffic /   |c edited by Koichi Iwabuchi, Stephen Muecke, and Mandy Thomas. 
264 1 |a Hong Kong :  |b Hong Kong University Press,  |c 2004. 
264 3 |a Baltimore, Md. :  |b Project MUSE,   |c 2012 
264 4 |c ©2004. 
300 |a 1 online resource (284 pages):   |b ill., map ; 
336 |a text  |b txt  |2 rdacontent 
337 |a computer  |b c  |2 rdamedia 
338 |a online resource  |b cr  |2 rdacarrier 
504 |a Includes bibliographical references and index. 
505 0 0 |g Introduction,  |t Siting Asian cultural flows /  |r Koichi Iwabuchi, Stephen Muecke and Mandy Thomas --  |t Commerce and culture in the pre-colonial Indian Ocean /  |r Devleena Ghosh and Stephen Muecke --  |t Moving zones of China : flows of rite and power in Southeast Asia /  |r Annette Hamilton --  |t It's all in a game : television formats in the People's Republic of China /  |r Michael Keane --  |t Taiwan's present/Singapore's past mediated by Hokkien language /  |r Chua Beng-Huat --  |t Self-Orientalism, reverse Orientalism and pan-Asian pop culture flows in Dick Lee's Transit Lounge /  |r Tony Mitchell --  |t Imagining 'new Asia' in the theatre : cosmopolitan East Asia and the global West /  |r C. J. W.-L. Wee --  |t Time and the neighbor : Japanese media consumption of Asia in the 1990s /  |r Koichi Iwabuchi --  |t East Asian cultural traces in post-socialist Vietnam /  |r Mandy Thomas --  |t Re-importation of cha yi guan teahouses into contemporary China from Taiwan : cultural flows and the development of a public sphere /  |r Jing Zheng --  |t Fashion shows, fashion flows : the Asia Pacific meets in Hong Kong /  |r Lise Skov --  |g Postscript,  |t Participating from a distance /  |r Meaghan Morris. 
588 |a Description based on print version record. 
650 0 |a Arts and globalization  |z East Asia. 
650 0 |a Globalization. 
650 0 |a Culture diffusion  |z East Asia. 
651 0 |a East Asia  |x Intellectual life  |y 21st century. 
651 0 |a East Asia  |x Intellectual life  |y 20th century. 
651 0 |a East Asia  |x Civilization  |y 21st century. 
651 0 |a East Asia  |x Civilization  |y 20th century. 
655 7 |a Electronic books.   |2 local 
700 1 |a Thomas, Mandy,  |d 1959- 
700 1 |a Muecke, Stephen,  |d 1951- 
700 1 |a Iwabuchi, Kōichi,  |d 1960- 
710 2 |a Project Muse.  |e distributor 
830 0 |a Book collections on Project MUSE. 
856 4 0 |z Texto completo  |u https://projectmuse.uam.elogim.com/book/5754/ 
945 |a Project MUSE - Custom Collection 
945 |a Project MUSE - Archive Complete Foundation 
945 |a Project MUSE - Archive History Foundation 
945 |a Project MUSE - Archive Asian and Pacific Studies Foundation